|
|
|
|
| LEADER |
01661nam a2200289 a 4500 |
| 001 |
14961378 |
| 008 |
100318r20092007ii a b 001 0 eng d |
| 010 |
|
|
|a 2007032588
|
| 020 |
|
|
|a 9780761935896 (paper back)
|
| 020 |
|
|
|a 9788178297507
|
| 040 |
|
|
|a DLC
|c DLC
|d DLC
|d DB-DhAAL
|
| 082 |
0 |
0 |
|a 300.72
|2 22
|
| 245 |
0 |
0 |
|a Research methods for graduate business and social science students /
|c John Adams ... [et al.].
|
| 260 |
|
|
|a New Delhi ;
|a Thousand Oaks :
|b SAGE,
|c c2007.[printing 2009]
|
| 300 |
|
|
|a 270 p. :
|b ill. ;
|c 24 cm.
|
| 504 |
|
|
|a Includes bibliographical references and index.
|
| 541 |
1 |
|
|e 00019976
|
| 650 |
|
0 |
|a Social sciences
|x Research.
|
| 650 |
|
0 |
|a Social sciences
|x Methodology.
|
| 700 |
1 |
|
|a Adams, John,
|d 1955-
|
| 852 |
4 |
|
|a Ayesha Abed Library
|j General Shelf.
|
| 999 |
|
|
|c 7804
|d 7804
|
| 952 |
|
|
|0 0
|1 0
|2 ddc
|4 0
|6 300_720000000000000_RES_2009
|7 0
|9 8666
|a BRACUL
|b BRACUL
|c GEN
|d 2010-03-18
|l 3
|m 12
|o 300.72 RES
|p 3010019976
|r 2023-01-18
|s 2022-11-01
|t 1
|w 2010-03-18
|y BK
|
| 952 |
|
|
|0 0
|1 0
|2 ddc
|4 0
|6 300_720000000000000_RES_2009
|7 0
|9 8667
|a BRACUL
|b BRACUL
|c GEN
|d 2010-03-18
|l 2
|m 4
|o 300.72 RES
|p 3010019977
|r 2011-06-19
|s 2011-04-21
|t 2
|w 2010-03-18
|y BK
|
| 952 |
|
|
|0 0
|1 0
|2 ddc
|4 0
|6 300_720000000000000_RES_2009
|7 0
|9 8668
|a BRACUL
|b BRACUL
|c GEN
|d 2010-03-18
|l 1
|m 3
|o 300.72 RES
|p 3010019978
|r 2011-06-14
|s 2011-05-22
|t 3
|w 2010-03-18
|y BK
|
| 952 |
|
|
|0 0
|1 0
|2 ddc
|4 0
|6 300_720000000000000_RES_2009
|7 0
|9 8669
|a BRACUL
|b BRACUL
|c GEN
|d 2010-03-18
|l 1
|m 1
|o 300.72 RES
|p 3010019979
|r 2019-09-25
|s 2019-09-18
|t 4
|w 2010-03-18
|y BK
|
| 952 |
|
|
|0 0
|1 0
|2 ddc
|4 0
|6 300_720000000000000_RES_2009
|7 0
|9 8670
|a BRACUL
|b BRACUL
|c GEN
|d 2010-03-18
|l 1
|m 15
|o 300.72 RES
|p 3010019980
|r 2016-06-26
|s 2016-05-05
|t 5
|w 2010-03-18
|y BK
|